000 00361nam a22001577a 4500
003 MPLRDC
005 20220104124335.0
008 210129b ||||| |||| 00| 0 eng d
082 _a870.99 TGE c.3
100 _a连士升著
245 _a泰戈尔传
_c
260 _a
_b香港大千出版社
_c
300 _b
650 _a
942 _cBK
_o870.99 TGE c.3
999 _c18551
_d18541